| 000 | 00564nam a2200169 i 4500 | ||
|---|---|---|---|
| 001 | 63995 | ||
| 003 | ES-MaACL | ||
| 005 | 20230906165022.0 | ||
| 007 | t| | ||
| 008 | 031218s1954 sp ||||1| spa d | ||
| 100 | 1 |
_aFirsoff, V. A. _950960 |
|
| 245 | 1 | 4 |
_aLos mundos vecinos / _cV.A. Firsoff ; [traducción directa del inglés y prólogo por Federico Armenter de Monasterio]. |
| 260 |
_aBarcelona : _bAymá, _c1954 ( _fFilograf) |
||
| 300 |
_a401 p. : _bil. ; _c22 cm. |
||
| 700 | 1 |
_aArmenter de Monasterio, Federico. _922956 |
|
| 852 |
_aES-MaACL _jC-8905 _bR.40745 |
||
| 999 |
_c63995 _d63995 |
||